| 000 | 00721cam a22002411 4500 | ||
|---|---|---|---|
| 001 | sa 68017482 | ||
| 003 | DLC | ||
| 005 | 20260227112703.0 | ||
| 008 | 850807s1965 ii ac 000 0ceng | ||
| 010 | _asa 68017482 | ||
| 025 | _aPL480:I-E-10545 | ||
| 035 | _a(OCoLC)12359493 | ||
| 040 |
_aDLC _cHU _dHU _dDLC |
||
| 042 | _apremarc | ||
| 043 | _aa-ii--- | ||
| 050 | 0 | 0 |
_aTA139 _b.H86 |
| 082 |
_a620/.00922 _a[B] |
||
| 100 | 1 | _aHusain, Dildar. | |
| 245 | 1 | 0 |
_aIllustrious profiles; _b[sketches of presidents, Institution of Engineers (India) from Uttar Pradesh. |
| 260 |
_aCalcutta?] _bInstitution of Engineers (India) _c[1965] |
||
| 300 |
_a35 p. _billus., ports. _c23 cm. |
||
| 650 | 0 |
_aEngineers _zIndia _vBiography. |
|
| 999 |
_c87742 _d87742 |
||